| 000 | 00629nam a2200253Ia 4500 | ||
|---|---|---|---|
| 005 | 20250425161811.0 | ||
| 008 | 250425s9999 xx 000 0 und d | ||
| 020 | _a8428321825 | ||
| 041 | _aspa | ||
| 082 | _a621.381 | ||
| 100 | _aTAVERNIER, CHRISTIAN | ||
| 245 | 0 | _aMONTAJES DOMOTICOS | |
| 250 | _a1A ED. | ||
| 260 |
_aEspaña _bPARANINFO _c1995 |
||
| 260 | _aMADRID | ||
| 300 | _a202 | ||
| 500 | _aTítulo Traducido: MONTAGES DOMOTIQUES | ||
| 650 | _aDOMOTICA | ||
| 650 | _aMONTAJES ELECTRONICOS | ||
| 650 | _aSEGURIDAD ELECTRONICA | ||
| 650 | _aTECNOLOGIA DE LA SEGURIDAD | ||
| 942 | _c01 | ||
| 010 | _a30209 | ||
| 999 |
_c216379 _d216379 |
||